00776cam a2200205 a 450000100100000000500170001000800410002704000300006805000200009808200190011810000420013724500950017926000390027430000280031350400340034165000240037591000340039995201220043399900150055500000764220200929154237.0711020r1966 nyua b 001 0 eng  aDO-SdBNPcDLCdDLCdOCoLC00aCC65b.M3 1966a a913.031bC411h1 aCeram, C. W.,d1915-1972,eed.92120010aHands on the past :bpioneer archaeologists tell their own story /cedición C. W. Ceram. aNew York :bSchocken Books,c1966. a434 p. :bil. ;c21 cm. aBibliografía: p. [421]-425. 0aArchaeology.921201 aCatalogación por copia / LC 001052708MOaGRbGRcCTd2009-09-09iLF1l0o913.031 C411hp7642-10r2020-06-25w2020-06-25y2ZPréstamo interno c7422d7422